Reinforced Concrete : (Record no. 2424)
[ view plain ]
| 000 -LEADER | |
|---|---|
| fixed length control field | 01399nac a22002771u 4500 |
| 008 - FIXED-LENGTH DATA ELEMENTS--GENERAL INFORMATION | |
| fixed length control field | 100905t xxu||||| |||| 00| 0 eng d |
| 010 ## - LIBRARY OF CONGRESS CONTROL NUMBER | |
| LC control number | 2005297860 |
| 020 ## - INTERNATIONAL STANDARD BOOK NUMBER | |
| International Standard Book Number | 0131429949 |
| 028 ## - PUBLISHER NUMBER | |
| Source | www.loc.gov. |
| 035 ## - SYSTEM CONTROL NUMBER | |
| System control number | (OCoLC)ocm57374488 |
| 082 ## - DEWEY DECIMAL CLASSIFICATION NUMBER | |
| Classification number | 624.18 |
| Item number | MAC |
| 100 ## - MAIN ENTRY--PERSONAL NAME | |
| Personal name | MacGregor, James G. |
| 9 (RLIN) | 17950 |
| 245 10 - TITLE STATEMENT | |
| Title | Reinforced Concrete : |
| Remainder of title | Mechanics and Design / |
| Statement of responsibility, etc | James G. MacGregor, James K. Wight. |
| 250 ## - EDITION STATEMENT | |
| Edition statement | 4th ed. |
| 260 ## - PUBLICATION, DISTRIBUTION, ETC. (IMPRINT) | |
| Place of publication, distribution, etc | Upper Saddle River, N.J. : |
| Name of publisher, distributor, etc | Prentice Hall, |
| Date of publication, distribution, etc | c2005. |
| 300 ## - PHYSICAL DESCRIPTION | |
| Extent | xx, 1132 p. : |
| Other physical details | ill. ; |
| Dimensions | 26 cm. |
| 490 ## - Series Statement | |
| -- | 17949 |
| Series statement | Prentice Hall International Series in Civil Engineeering and Engineering Mechanics |
| 504 ## - BIBLIOGRAPHY, ETC. NOTE | |
| Bibliography, etc | Includes bibliographical references (p. 1092-1109) and index. |
| 650 #0 - SUBJECT ADDED ENTRY--TOPICAL TERM | |
| Topical term or geographic name as entry element | Reinforced concrete construction. |
| 9 (RLIN) | 17951 |
| 650 #0 - SUBJECT ADDED ENTRY--TOPICAL TERM | |
| Topical term or geographic name as entry element | Reinforced concrete. |
| 9 (RLIN) | 17952 |
| 700 1# - ADDED ENTRY--PERSONAL NAME | |
| Personal name | Wight, James K. |
| 9 (RLIN) | 17953 |
| 942 ## - ADDED ENTRY ELEMENTS (KOHA) | |
| Item type | Book - Borrowing |
| Call number prefix | 624.18MAC |
| Source of classification or shelving scheme | Dewey Decimal Classification |
| Withdrawn status | Item status | Damaged status | Not for loan | Home library | Current library | Shelving location | Date acquired | Source of acquisition | Total Checkouts | Total Renewals | Full call number | Barcode | Date last seen | Date last borrowed | Koha item type | Checked out |
|---|---|---|---|---|---|---|---|---|---|---|---|---|---|---|---|---|
| Central Library | Central Library | First floor | 20/02/2007 | Purchase | 5 | 25 | 624.18 MAC | 000001878 | 15/07/2025 | 02/11/2017 | Book - Borrowing | |||||
| Central Library | Central Library | First floor | 20/02/2007 | Purchase | 7 | 13 | 624.18 MAC | 000002802 | 18/12/2012 | 18/12/2012 | Book - Borrowing | 02/01/2013 | ||||
| Central Library | Central Library | First floor | 20/02/2007 | Purchase | 11 | 88 | 624.18 MAC | 000001879 | 15/07/2025 | 10/03/2020 | Book - Borrowing |